| 000 | 00923cam a22002655a 4500 | ||
|---|---|---|---|
| 001 | 1527489 | ||
| 005 | 20201128024347.0 | ||
| 008 | 900912s1991 enk frb 001 0 eng d | ||
| 020 | _a9780803984912 | ||
| 020 | _a080398491X | ||
| 040 |
_aDLC _cDLC _dDLC _dEG-ScBUE _beng |
||
| 082 | 0 | 4 |
_222 _a658.403 _bCRE |
| 245 | 0 | 0 |
_aCreative management / _cedited by Jane Henry. |
| 260 |
_aLondon ; _aNewbury Park : _bSage Publications, _c1991. |
||
| 300 |
_axii, 323 p. ; _c24 cm. |
||
| 504 | _aIncludes bibliographical references and index. | ||
| 650 | 7 |
_aManagement. _2BUEsh _9553 |
|
| 650 | 7 |
_aCreative thinking. _2BUEsh _97850 |
|
| 651 | _2BUEsh | ||
| 653 |
_bGGEN _cMay2018 |
||
| 700 | 1 |
_aHenry, Jane, _eeditor. |
|
| 856 | 4 | 2 |
_3Publisher description _uhttp://www.loc.gov/catdir/enhancements/fy0656/90052934-d.html |
| 856 | 4 | 1 |
_3Table of contents only _uhttp://www.loc.gov/catdir/enhancements/fy0656/90052934-t.html |
| 942 | _2ddc | ||
| 999 |
_c26762 _d26734 |
||